Meranie prietoku a množstva zborník prednášok : Žilina : 9.-10. 10. 1991

Bibliographic Details
Format: Book
Language:Slovak
Czech
PhysicalDescription:146 strán grafy, ilustrácie, schémy, tabuľky 21 cm
Published: Žilina Dom techniky ZSVTS 1991
ISBN:8023102044
Edition:1. vyd.
Subjects:

MARC

LEADER 00000cam a2200000 a 4500
001 vtls001068619
003 SK-MaSNL
005 20260301153018.0
008 240226s1991 xo dal frn 100 0 slo
015 |a SNBA1992/08 
020 |a 8023102044  |q (brožované) 
035 |a SNK000011449 
035 |a A3E5F811-9281-4B2A-BC84-A5FDEE6CD720 
035 |a urn:nbn:sk:snk-am00ig02 
040 |a SNK  |b slo  |c SNK  |e AACR2 
041 0 |a slo  |a cze 
044 |a xo  |c SK 
072 7 |a 532  |x Mechanika tekutín všeobecne. Mechanika kvapalín  |2 konspekt 
080 |a 389+681.2(082)  |2 1981 
080 |a 681.2(082)  |2 1981 
080 |a 532.57  |2 2011 
080 |a 681.121.8  |2 2011 
080 |a (062.534)  |2 2011 
245 0 0 |a Meranie prietoku a množstva  |b zborník prednášok : Žilina : 9.-10. 10. 1991 
250 |a 1. vyd. 
260 |a Žilina  |b Dom techniky ZSVTS  |c 1991  |e Žilina  |f Dom techniky ZSVTS 
300 |a 146 strán  |b grafy, ilustrácie, schémy, tabuľky  |c 21 cm 
366 |e 120 výtl. 
500 |a Obsahuje zoznam použitých skratiek 
504 |a Obsahuje bibliografiu 
546 |a Čiastočný text v češtine 
650 0 7 |a prietok  |2 SNKPH  |9 224767 
650 0 7 |a prietokomery  |2 SNKPH  |9 13611 
650 0 7 |a meranie prietoku  |2 SNKPH  |9 90967 
655 7 |a zborníky konferencií  |2 SNKPH  |9 70153 
852 |a Slovenská národná knižnica 
919 |a 80-231-0204-4 
954 |a odborná, vedecká literatúra pôvodná (slovenská)  |2 lita 
958 |a CZ 
958 |a NB 
958 |a RM 
958 |a OND 
958 |a EUIPO 
999 |c 791049  |d 792979 
952 |t P60, <04>, [BOOK], {604}  |a SNK  |b SNK  |y VYP  |7 0  |p 17A0051259  |o snkSC 81944 D1  |0 0  |1 0  |4 0  |d 1997-03-06  |l 0  |r 2004-12-31 00:00:00  |w 2026-02-24 
952 |a SNK  |b SNK  |y PREZ  |7 0  |p 17A0945203  |o snkSC 81944  |i snkKSP 5373/92  |0 0  |1 0  |4 0  |d 2012-08-14  |f 1  |l 0  |r 2025-08-18 00:00:00  |w 2026-02-24